Statistics for Washington Capitals Captains

Click here to take the quiz!

General Stats

  • This quiz has been taken 18 times
  • The average score is 3 of 14

Answer Stats

YearsCaptains% Correct
2010-CurrentAlexander Ovechkin
100%
1983-93Rod Langway
61%
1995-99Dale Hunter
44%
1999-02Adam Oates
28%
2006Jeff Halpern
22%
2007-10Chris Clark
22%
1977-78Yvon Labre
17%
1994Kevin Hatcher
11%
2002Brendan Witt
11%
1975Doug Mohns
6%
1979Guy Charron
6%
1980-82Ryan Walter
6%
2003-04Steve Konowalchuk
6%
1976Bill Clement
0%

Score Distribution

Percentile by Number Answered

Percent of People with Each Score

Your Score History

You have not taken this quiz